| 000 | 00669nam a22001817a 4500 | ||
|---|---|---|---|
| 005 | 20251108172931.0 | ||
| 008 | 250721s1997 xx 000 0 ara d | ||
| 082 | 1 | 4 | _a818.02/آبي |
| 100 | 1 | _aالآبي، أبو سعد منصور بن الحسين | |
| 245 | 1 | 0 | _aمن نثر الدر للوزير الكاتب ابي سعد منصور بن الحسين الآبي / |
| 264 | 1 |
_aدمشق : _bمكتبة الأسد، _c1997. |
|
| 300 | _a334 ص. | ||
| 490 | 0 |
_aالمختار من التراث العربي _v74 |
|
| 500 | _aرقم تزويد مركز الحسين (29294) | ||
| 650 | 1 | 7 | _aالمتنوعات الأدبية |
| 942 |
_2ddc _cBK |
||
| 999 |
_c92203 _d92203 |
||